| 000 | 00564nam a22002177a 4500 | ||
|---|---|---|---|
| 003 | OSt | ||
| 005 | 20140310182315.0 | ||
| 008 | 130313t xxu||||| |||| 00| 0 eng d | ||
| 020 | _a1854340980 | ||
| 050 |
_aQB 981 _b.G738 1991 |
||
| 082 |
_aGS 523.1 _bGr76un 1991 |
||
| 100 |
_aGraham, Ian. _920999 |
||
| 245 |
_aThe universe / _cIan Graham. |
||
| 260 |
_aLondon : _bTwo-Can Publishing Ltd., _cc1991. |
||
| 300 |
_a32 p. : _bcol. ill. ; _c27 cm. |
||
| 650 |
_aUniverse. _921027 |
||
| 942 |
_2lcc _cBK-GS |
||
| 999 |
_c11738 _d11738 |
||